Los buscadores de prestigio: una exploración de la conducta de clases en Estados Unidos, y de las barreras ocultas que lo afectan a usted en su comunidad, su futuro
Guardat en:
| Autor principal: | |
|---|---|
| Format: | Llibre |
| Idioma: | espanyol |
| Publicat: |
Buenos Aires
EUDEBA
1971
|
| Edició: | 7a. ed |
| Matèries: | |
| Etiquetes: |
Afegir etiqueta
Sense etiquetes, Sigues el primer a etiquetar aquest registre!
|
MARC
| LEADER | 00000nam a2200000 a 4500 | ||
|---|---|---|---|
| 001 | UCR8091 | ||
| 003 | CL-VaPUC | ||
| 008 | 980519e19710000AG |||||||||||||||||spa|d | ||
| 082 | 0 | 4 | |a 305.5 |b PAC |2 21 |
| 100 | |a Packard, Vance Oakley |e autor |9 549955 | ||
| 245 | 1 | 4 | |a Los buscadores de prestigio: una exploración de la conducta de clases en Estados Unidos, y de las barreras ocultas que lo afectan a usted en su comunidad, su futuro |
| 250 | |a 7a. ed | ||
| 300 | |a 391 p | ||
| 942 | |c BK | ||
| 945 | |d 19980519 00:00:00 |a lriquelm | ||
| 260 | |a Buenos Aires |b EUDEBA |c 1971 | ||
| 650 | 0 | |a Sociología |9 255410 | |
| 650 | 0 | |a Sociedad |9 307903 | |
| 650 | 7 | |a STATUS SOCIAL |2 CL-VaPUC |9 375973 | |
| 650 | 7 | |a PRESTIGIO |2 CL-VaPUC |9 334652 | |
| 650 | 7 | |a TENDENCIAS |2 CL-VaPUC |9 371752 | |
| 650 | 0 | |a Estructuras sociales |9 367188 | |
| 650 | 0 | |a Clases sociales |9 256858 | |
| 650 | 7 | |a DIFERENCIACION SOCIAL |2 CL-VaPUC |9 379742 | |
| 583 | |a last modification |c 19980519 00:00:00 |k Rodrigo Vera | ||
| 999 | |c 269656 |d 269654 | ||
| 952 | |0 0 |1 0 |4 0 |6 305_500000000000000_PAC_1971 |7 0 |8 A |9 303479 |a BIBENE |b BIBENE |d 2019-11-20 |i 3276678 |o 305.5 PAC 1971 |p 3276678 |r 2025-01-15 |w 2019-11-20 |y BK |k ICO | ||